Sección nacional.
Mexiko na Uruguayskom kole. Výsledky sčítania ľudu v Mexiku. Predaj akcií filiálky TABAMEX. Export PEMEX-u. Komuniké o bilaterálnom obchode Mexiko - USA. Nové bankové zákony. Dohoda Kuba - Mexiko o atómovej energii. Ochrana ozónovej vrstvy. Národný program bytovej výstavby 1990-94.
Salvato in:
| Natura: | Capitolo di libro |
|---|---|
| Lingua: | spagnolo |
| Soggetti: | |
| Tags: |
Nessun Tag, puoi essere il primo ad aggiungerne!!
|
MARC
| LEADER | 00000naa a2200000 4500 | ||
|---|---|---|---|
| 001 | r002921 | ||
| 005 | 20220818102606.2 | ||
| 041 | 0 | |a spa | |
| 044 | |a MX | ||
| 245 | 1 | 0 | |a Sección nacional. |
| 520 | |a Mexiko na Uruguayskom kole. Výsledky sčítania ľudu v Mexiku. Predaj akcií filiálky TABAMEX. Export PEMEX-u. Komuniké o bilaterálnom obchode Mexiko - USA. Nové bankové zákony. Dohoda Kuba - Mexiko o atómovej energii. Ochrana ozónovej vrstvy. Národný program bytovej výstavby 1990-94. | ||
| 610 | 2 | 0 | |a Mexiko |
| 610 | 2 | 0 | |a sčítanie ľudu |
| 610 | 2 | 0 | |a obchod zahraničný |
| 610 | 2 | 0 | |a USA |
| 610 | 2 | 0 | |a bankovníctvo |
| 610 | 2 | 0 | |a zákony |
| 610 | 2 | 0 | |a energia atómová |
| 610 | 2 | 0 | |a Kuba |
| 610 | 2 | 0 | |a výstavba bytová |